00816nam a2200241 a 4500001001000000003000500010005001700015008004100032010001100073011001100084020001800095040000900113082001600122245019700138260003800335300001100373650002300384650002600407650002200433700003800455700003500493700004600528000115555CHAP20240209093721.0190605s2018 mx |r| ||||||spa d a112016 a112988 a9786071205315 cCHAP04a630.71bE7400aEscuelas campesinas :bxv años de caminos en la construcción de saberes colectivos /ccoordinado por María Virginia González Santiago, Elia Patlán Martínez y David Delgado Viveros. aChapingo, Méx. :bUACH.,c2018. a187 P.14aEducación rural.14aEscuelas agrícolas.14aEscuelas rurales.0 aPatlán Martínez, Eliaecoord.1 aDelgado Viveros, Davidecoord.1 aGonzález Santiago, Ma. Virginiaecoord.